000 00569nam a2200217Ia 4500
003 GCL
008 140319s9999 xx 000 0 eng d
040 _aGCL /
_cGCL
082 0 4 _aCH
_b823
_bH N
100 1 _aHOLLANDER, CASS
245 1 0 _aA NEW FRIEND FOR ME /
_cHOLLANDER, CASS
700 1 _aUTRICH, GEORGE
260 _a[S.N] :
_bMC CLANAHAN BOOK COMPANY ،
_c1992
650 0 4 _aENGLISH LITERATURE
650 0 4 _aLITERATURE
650 0 4 _aENGLISH FICTION
650 0 4 _aFICTION
650 0 4 _aUTRICH, GEORGE
650 0 4 _aCHILDREN - FICTION
942 _2ddc
_cBK
999 _c14644
_d14644